सर्वागीण बाल-विकास : (Record no. 119508)

MARC details
000 -LEADER
fixed length control field 01454nam a22002777a 4500
005 - DATE AND TIME OF LATEST TRANSACTION
control field 20170124103139.0
010 ## - LIBRARY OF CONGRESS CONTROL NUMBER
LC control number A-807323
020 ## - INTERNATIONAL STANDARD BOOK NUMBER
Terms of availability 140.00
035 ## - SYSTEM CONTROL NUMBER
System control number A-807323
037 ## - SOURCE OF ACQUISITION
Source of stock number/acquisition Cen Lib/Ret
040 ## - CATALOGING SOURCE
Original cataloging agency DPL
Language of cataloging HN
082 ## - DEWEY DECIMAL CLASSIFICATION NUMBER
Classification number 305.231
Item number जायस
100 ## - MAIN ENTRY--PERSONAL NAME
Personal name जायसवाल, सीताराम
9 (RLIN) 42466
245 ## - TITLE STATEMENT
Title सर्वागीण बाल-विकास :
Statement of responsibility, etc सीताराम जायसवाल
Remainder of title सरस्वती शिशु-मन्दिर शिक्षा-प्रणाली के परिप्रेक्ष्य में /
246 ## - VARYING FORM OF TITLE
Title proper/short title Sarvageen bal-vikas : saraswati shishu-mandir shiksha-pranali ke pariprekshey me /
Remainder of title by Seetaram Jayaswal
250 ## - EDITION STATEMENT
Edition statement द्वितीय संस्करण
260 ## - PUBLICATION, DISTRIBUTION, ETC. (IMPRINT)
Name of publisher, distributor, etc आर्य बुक डिपो
Date of publication, distribution, etc 1996
Place of publication, distribution, etc नई दिल्ली
270 ## - ADDRESS
Address 30, नाईवाला, करोल बाग
City नई दिल्ली
Postal code 110005
300 ## - PHYSICAL DESCRIPTION
Extent 296पृ.
Dimensions 20सेमी(सजिल्द)
500 ## - GENERAL NOTE
General note अनुक्रमाणिका और संदर्भ शामिल <br/>
650 ## - SUBJECT ADDED ENTRY--TOPICAL TERM
Topical term or geographic name as entry element शिक्षा -- उद्देश्य
9 (RLIN) 85312
650 ## - SUBJECT ADDED ENTRY--TOPICAL TERM
Topical term or geographic name as entry element शिक्षा -- भारतीय संस्कृति
9 (RLIN) 2485
650 ## - SUBJECT ADDED ENTRY--TOPICAL TERM
Topical term or geographic name as entry element Education - Objectives
9 (RLIN) 85313
650 ## - SUBJECT ADDED ENTRY--TOPICAL TERM
Topical term or geographic name as entry element Education - Indian Culture
9 (RLIN) 85314
942 ## - ADDED ENTRY ELEMENTS (KOHA)
Source of classification or shelving scheme Dewey Decimal Classification
Koha item type Hindi Books
Classification part 305.231
Call number suffix जायस
Holdings
Withdrawn status Lost status Damaged status Not for loan Home library Current library Date acquired Source of acquisition Cost, normal purchase price Total Checkouts Full call number Barcode Date last seen Copy number Cost, replacement price Price effective from Koha item type
        Central Library Central Library 17/09/2015 Cen Lib/Ret 140.00   305.231 जायस A-807323 17/09/2015 1 140.00 17/09/2015 Hindi Books

© Delhi Public Library
Hit Counter
free hit counter